| 000 | 00788nam a2200241 i 4500 | ||
|---|---|---|---|
| 001 | 78190 | ||
| 003 | ES-MaACL | ||
| 005 | 20230906173601.0 | ||
| 007 | t| | ||
| 008 | 041013s1968 sp ||||1| spa d | ||
| 100 | 1 |
_aHartleben, Ulrich. _961978 |
|
| 245 | 1 | 0 |
_aAses de la Luftwaffe / _cUlrich Hartleben ; [traducción de Fermín Uriarte]. |
| 260 |
_aMadrid : _bFermín Uriarte, _c[1968] |
||
| 300 |
_a1 v. : _bil. ; _c21 cm. |
||
| 490 | 1 | _aColección "La Guerra Aérea" | |
| 500 | _aEs el v. 1º. | ||
| 650 | 0 | 4 |
_aGuerra mundial, 1939-1945- _zAlemania. _913229 |
| 650 | 4 |
_aAviadores- _zAlemania- _xBiografías. _9169112 |
|
| 700 | 1 |
_aUriarte, Fermín. _9112148 |
|
| 830 | 0 |
_aColección "La Guerra Aérea" _9231385 |
|
| 852 |
_aES-MaACL _jP-1208 _bR. 68357 |
||
| 999 |
_c78190 _d78190 |
||